000 00445nam a2200145 a 4500
005 20140412111301.0
008 001120s19uu xx 00 eng d
050 _aER
_bPe31 1994
100 _aSakura, Gail
245 _aPeach boy :
_ba Japanese legend /
_cretold by Gail Sakura ; illustrated by Makiko Nagano.
260 _a[s.l.] :
_bTroll Associates,
_c1994.
300 _a32 p. ; col. ; ill.
650 _aFolklore -- Japan
999 _c103397
_d103397